Danny Tran
Tennessee A
Categories
History - European History | 0 | 2 | 0 | 0 | 20 | 120 | 125.50 | 0 | 2 |
Ancient History and Archaeology | 0 | 1 | 0 | 0 | 10 | 83 | 83.00 | 0 | 1 |
Literature - European Literature | 0 | 1 | 0 | 0 | 10 | 112 | 112.00 | 0 | 1 |
Other Science: Earth Science | 0 | 1 | 0 | 1 | 10 | 138 | 138.00 | 0 | 1 |
Science - Biology | 0 | 1 | 0 | 1 | 10 | 141 | 141.00 | 0 | 1 |
Science - Physics | 0 | 1 | 0 | 0 | 10 | 117 | 117.00 | 1 | 1 |
Fine Arts - Auditory Fine Arts | 0 | 1 | 0 | 0 | 10 | 118 | 118.00 | 0 | 0 |
Beliefs | 0 | 1 | 1 | 0 | 5 | 90 | 90.00 | 0 | 1 |
Philosophy | 0 | 0 | 0 | 0 | 0 | 0.00 | 0 | 0 | |
British and Commonwealth History | 0 | 0 | 1 | 0 | -5 | 0.00 | 0 | 0 | |
Social Science | 0 | 0 | 1 | 0 | -5 | 0.00 | 0 | 0 |